000 00384nam a2200109Ia 4500
008 220216s9999 xx 000 0 und d
100 _aMalek K A
245 4 _aThe latest development in the application of the seismic rubber bearing technology
260 _bIRRDB International Rubber Conference 14-17 December 2011, Chiang
650 _aSeismic rubber bearing technology
942 _cJS
999 _c70817
_d70817